| 000 | 00461nam a22001457a 4500 | ||
|---|---|---|---|
| 008 | 230529b |||||||| |||| 00| 0 eng d | ||
| 040 |
_aNational Science Library _cNational Science Library |
||
| 080 |
_aR 001(680)(058.7) _bL5 |
||
| 245 |
_aNational register of research projects _c/ Natural and Human Sciences |
||
| 260 |
_aSouth Africa: _bNatural and Human Sciences, _c1974 |
||
| 300 | _a683p. | ||
| 650 | _aGeography | ||
| 653 | _aScience | ||
| 942 |
_2udc _cPR |
||
| 999 |
_c36037 _d36037 |
||